00409nam a2200145Ia 4500008004100000082001000041100004800051245001700099260000900116300000800125600004800133630001700181700004800198730001700246090711s9999 xx 000 0 und d b14807 aपानवलकर श्री. दा. aगजगा c1963 a144 aपानवलकर श्री. दा. aगजगा aपानवलकर श्री. दा. aगजगा